La philosophie du droit de Montesquieu
Gardado en:
| Autor Principal: | |
|---|---|
| Formato: | Libro |
| Idioma: | francés |
| Publicado: |
París
Librairie C. Klincksieck
1973
|
| Subjects: | |
| Tags: |
Engadir etiqueta
Sen Etiquetas, Sexa o primeiro en etiquetar este rexistro!
|
MARC
| LEADER | 00000nam a2200000 a 4500 | ||
|---|---|---|---|
| 001 | UCV3107 | ||
| 003 | CL-VaPUC | ||
| 005 | 20220308144647.0 | ||
| 008 | 930405e19730000FR |||||||||||||||||fre|d | ||
| 999 | |c 210446 |d 210444 | ||
| 040 | |c Pontificia Universidad Católica de Valparaíso | ||
| 082 | 0 | 4 | |a 340.1 |b GOY |2 21 |
| 100 | |a Goyard-Fabre, Simone |e author |9 393211 | ||
| 245 | 1 | 3 | |a La philosophie du droit de Montesquieu |
| 260 | |a París |b Librairie C. Klincksieck |c 1973 | ||
| 300 | |a 428 p | ||
| 583 | |a last modification |c 19930405 00:00:00 |k Rodrigo Vera | ||
| 600 | |a Montesquieu, Charles Louis de Secondat, Barón de, |d 1689-1755 |9 867047 | ||
| 650 | 0 | |a Filosofía del derecho |9 255050 | |
| 942 | |c BK |2 ddc | ||
| 945 | |d 19930405 00:00:00 | ||
| 952 | |0 0 |1 0 |4 0 |6 340_100000000000000_GOY_1973 |7 0 |8 DER_HIS |9 186701 |a BIBDER |b BIBDER |d 2019-11-14 |i 2542919 |o 340.1 GOY 1973 |p 2542919 |r 2023-01-25 |w 2019-11-14 |x Ubicación 4to Piso |y BK |z Estos recursos deben solicitarse con anticipación |k DER | ||